Paleozoi thượng ở Việt Nam

Uloženo v:
Podrobná bibliografie
Hlavní autor: Nguyễn, Văn Liêm
Médium: Kniha
Jazyk:Vietnamese
Vydáno: H. Khoa học và kĩ thuật 1985
Témata:
Tagy: Přidat tag
Žádné tagy, Buďte první, kdo otaguje tento záznam!
Thư viện lưu trữ: Mạng thư viện Đại học Đà Nẵng
LEADER 00921nam a2200289 4500
001 000014152
003 10509
005 20120329160340.0
008 120329s1985 viesd
041 0 |a vie 
082 |a 551.46  |b NG-L 
100 0 |a Nguyễn, Văn Liêm 
245 0 |a Paleozoi thượng ở Việt Nam  |c Nguyễn Văn Liêm 
260 |a H.  |b Khoa học và kĩ thuật  |c 1985 
300 |a 351 tr.  |c 19 cm 
653 |a Việt Nam 
653 |a Paleozoi 
OWN |a LSP 
AVA |a UDN50  |b LSP  |d 551.46 NG-L  |e available  |t Error 5001 Not defined in file expand_doc_bib_avail.  |f 1  |g 0  |h N  |i 0  |k 1 
999 |a From the UDN01 
AVA |a UDN50  |b LSP  |d 551.46 NG-L  |e available  |t Error 5001 Not defined in file expand_doc_bib_avail.  |f 1  |g 0  |h N  |i 0  |k 1 
TYP |a Monograph 
TYP |a Printed language 
980 |a Mạng thư viện Đại học Đà Nẵng